| 000 | 00804nam0a22002651 4500 | ||
|---|---|---|---|
| 001 | rc\4648084 | ||
| 005 | 20250612142109.0 | ||
| 021 |
_aRU _b[65-30768] |
||
| 035 | _a(NLR Aleph) 008689747 | ||
| 090 |
_a9231188 _c9231188 |
||
| 100 | _a20130416d1965 |||y0rusy50 ca | ||
| 101 | 0 | _arus | |
| 102 | _aRU | ||
| 105 | _aa z ||||| | ||
| 200 | 1 | _aИонный электропривод | |
| 210 |
_aМосква _aЛенинград _cЭнергия _d1965 |
||
| 215 |
_a151 с. _cчерт. _d20 |
||
| 320 | _aБиблиогр.: с. 149-150 (27 назв.) | ||
| 606 |
_aЭлектроприводы ионные _2psbo |
||
| 700 | 1 |
_aСозонов _bВ.Г. _gВадим Георгиевич |
|
| 801 | 0 |
_aRU _bNLR _gpsbo |
|
| 801 | 1 |
_aRU _bELAR _2rusmarc |
|
| 852 |
_aNLR _j65-3/2198 |
||
| 942 | _cBOOK | ||
| 980 | _aNB | ||